Estudio y comprensión de la naturaleza. 8§ año básico. Texto para el estudiante
সংরক্ষণ করুন:
| প্রধান লেখক: | |
|---|---|
| বিন্যাস: | গ্রন্থ |
| ভাষা: | স্প্যানিশ |
| প্রকাশিত: |
Santiago
Santillana
2006
|
| বিষয়গুলি: | |
| ট্যাগগুলো: |
ট্যাগ যুক্ত করুন
কোনো ট্যাগ নেই, প্রথমজন হিসাবে ট্যাগ করুন!
|
MARC
| LEADER | 00000nam a2200000 a 4500 | ||
|---|---|---|---|
| 001 | UCI5629 | ||
| 003 | CL-VaPUC | ||
| 008 | 080404e20060000CL |||||||||||||||||spa|d | ||
| 020 | |a 9561512475 | ||
| 082 | 0 | 4 | |a 372.357 |b MOR |2 21 |
| 100 | |a Mora Cubillos, Daniel Pascual |e autor |9 544423 | ||
| 245 | 1 | 0 | |a Estudio y comprensión de la naturaleza. 8§ año básico. Texto para el estudiante |
| 300 | |a 184 p | ||
| 942 | |c BK | ||
| 945 | |d 20080404 00:00:00 |a rbrito | ||
| 260 | |a Santiago |b Santillana |c 2006 | ||
| 650 | 0 | |a Enseñanza de las ciencias |9 331919 | |
| 650 | 0 | |a Ciencias naturales |9 260542 | |
| 650 | 0 | |a Educación básica |9 224933 | |
| 583 | |a last modification |c 20130527 14:36:15 |k Rodrigo Vera | ||
| 999 | |c 329369 |d 329367 | ||
| 952 | |0 0 |1 0 |4 0 |6 372_357000000000000_MOR_2006 |7 0 |8 A |9 413945 |a BIBEDU |b BIBEDU |d 2019-11-22 |i 4463145 |o 372.357 MOR 2006 |p 4463145 |r 2019-11-22 |w 2019-11-22 |y BK |k EDU | ||